Racismo y mestizaje

সংরক্ষণ করুন:
গ্রন্থ-পঞ্জীর বিবরন
বিন্যাস: পাঠ‍্য
প্রকাশিত: s.l: s.n
বিষয়গুলি:
ট্যাগগুলো: ট্যাগ যুক্ত করুন
কোনো ট্যাগ নেই, প্রথমজন হিসাবে ট্যাগ করুন!

MARC

LEADER 00000 a a2200000 04500
001 28968
003
040
090 |a 0004 D286d  
245 |a Racismo y mestizaje  
260 |a s.l:   |b s.n  
300 |a 384 p  
500 |a Artículo publicado en la revista Materiaili per una storia della cultura giuridica, XXVIII/I, 1998, PP. 25-48 Reproducido parcialmente  
650 |a SITUACION JURIDICA  
650 |a RELACIONES INTERETNICAS  
650 |a VIOLENCIA  
650 |a MARXISMO  
999 |c 11435  |d 11435